000 00654nam a2200265Ia 4500
005 20260121170535.0
008 008 260114s9999 xx 000 0 eng d
020 _a9781137501028
037 _aEBOOK
040 _aCRL
040 _beng
040 _cCRL
041 _2eng
041 _aeng
084 _qCRL
100 _aJohan Swinnen
_91065148
245 4 _aThe Political Economy of Agricultural and Food Policies
260 _bSpringer
260 _bSpringer
260 _c2018
856 _uhttps://link.springer.com/openurl?genre=book&isbn=978-1-137-50102-8
942 _cEBOOK
999 _c1630878
_d1630878